=LDR 00000nam 2200000 4500 =001 INLIS000000000002934 =005 20130612091241 =008 ***********************************Ind** =035 ##$$0010-061300000002934 =041 ##$$a Ind =082 ##$$a 2X6.404 =090 ##$$a 2X6.404, Ayu r =100 ##$$a Ayu, Putri =245 ##$$a Rahasia primbon khusus wanita / Putri Ayu. -- =260 ##$$a 1999 $b Yogyakarta : Sendang Dhuwur =300 ##$$a 80 hlm. ; 18 cm =650 ##$$a Islam Rahasia wanita 1 =650 ##$$a Judul =850 ##$$a NBPNMAT